000 00364nam a22001457a 4500
003 OSt
008 250530b |||||||| |||| 00| 0 eng d
020 _a9788189798192
100 _aSHASTRI,Kaviraja Ambikadutta
245 _aSusruta Samhita-I
260 _aVaranasi(U.P.)
_bChaukhambha Sanskrit Sansthan
300 _a680
650 _aGeneral
942 _2ddc
_cBK
999 _c13627
_d13627